| 000 | 00885nam a2200253Ia 4500 | ||
|---|---|---|---|
| 003 | GCL | ||
| 008 | 140319s9999 xx 000 0 ara d | ||
| 020 | _a7000332097 | ||
| 040 |
_aGCL / _cGCL |
||
| 082 | 0 | 4 |
_a791.44 _bم ف |
| 100 | 1 | _aمحمود حسن اسماعيل | |
| 245 | 1 | 0 |
_aالفن الاذاعى وتحديات تكنولوجيا قرن جديد : _bاسس نظرية و تطبيقية / _cمحمود حسن اسماعيل |
| 250 | _aالاولى | ||
| 260 |
_aالقاهرة : _bالعربى للنشر والتوزيع ، _c1998 |
||
| 300 |
_a83 ص ؛ _c24 سم |
||
| 490 |
_aالهيئة العامة للاستعلامات _v0 |
||
| 650 | 0 | 4 | _aالتليفزيون |
| 650 | 0 | 4 | _aالاعلام |
| 650 | 0 | 4 | _aالاذاعة |
| 650 | 0 | 4 | _aبرامج الاذاعة |
| 650 | 0 | 4 | _aالاخراج |
| 650 | 0 | 4 | _aالاعلان - دوريات |
| 942 |
_2ddc _cBK |
||
| 999 |
_c50505 _d50505 |
||